000 01064nam a2200337 i 4500
003 DO-SdBNP
005 20250218094052.0
007 ta
008 250218s2016 dr 000 p spa d
020 _a9781944586065
040 _aDO-SdBNP
_bspa
_cBNPHU
_erda
082 _axxxx
_bS211
_222
100 1 _aSánchez, Juan
_eautor
_923514
_4aut.
245 1 0 _a1 Pedro para ti /
_cJuan Sánchez ; prólogo Miguel Núñez
246 1 _aPrimera Pedro para ti /
264 1 _a[Colombia] :
_bPoiema publicaciones,
_c2016.
300 _a189 páginas
_c21 cm.
336 _atexto
_btxt
_2rdacontent
337 _asin mediación
_bn
_2rdamedia
338 _avolumen
_bnc
_2rdacarrier
500 _aImpreso en República Dominicana.
500 _aEdición especial gratuita.
500 _aIncluye glosario.
504 _aBibliografía p: 189.
590 _aInventariado, 2025/ YL
650 0 _aPoesía dominicana
_966
650 0 _aLiteratura dominicana.
_967
700 1 2 _aNúñez, Miguel
_eprologuista
_4prol.
_962070
910 _aYLockward
942 _2ddc
_cLBS1
999 _c58127
_d58127